| 000 | 00480nam a2200169Ia 4500 | ||
|---|---|---|---|
| 008 | 241127s9999||||xx |||||||||||||| ||und|| | ||
| 020 |
_a9780240808758 _c374.7374.7 |
||
| 040 |
_beng _cSSK Library _erda |
||
| 082 | _a070.18/BER | ||
| 100 | _a Sheila Curran Bernard | ||
| 245 | 0 | _aDocumentary Storytelling: Making Stronger And More Dramatic Nonfiction Films | |
| 250 | _a2th ed. | ||
| 260 |
_b Elsevier _c©2007 |
||
| 942 |
_22ddc _cBOOK _nNo |
||
| 999 |
_c8688 _d8688 |
||
| 003 | OSt | ||
| 005 | 20241127152748.0 | ||